[Event "Stay Safe Play From Home 195"]
[Site "T#646521Emanuel Laske"]
[Date "2020.06.02"]
[Round "4"]
[White "Haris kollari 13"]
[Black "Don59as"]
[Result "1-0"]
[WhiteElo "1898"]
[BlackElo "2044"]
[Annotator "NA RC"]
[PlyCount "81"]
[EventDate "2020.06.02"]
[EventType "swiss (blitz)"]

1. e4 {[%emt 0:00:01]} e5 {[%emt 0:00:01]} 2. Nf3 {[%emt 0:00:01]} Nc6 {[%emt 0:00:01]} 3. Bb5 {[%emt 0:00:01]} f5 {[%emt 0:00:01]} 4. exf5 {[%emt 0:00:02]} e4 {[%emt 0:00:02]} 5. Qe2 {[%emt 0:00:01]} Qe7 {[%emt 0:00:01]} 6. Bxc6 {[%emt 0:00:01]} dxc6 {[%emt 0:00:00]} 7. Nd4 {[%emt 0:00:01]} Nf6 {[%emt 0:00:01]} 8. O-O {[%emt 0:00:02]} Qe5 {[%emt 0:00:02]} 9. c3 {[%emt 0:00:01]} Bc5 {[%emt 0:00:05]} 10. Nb3 {[%emt 0:00:09]} Bd6 {[%emt 0:00:01]} 11. f4 {[%emt 0:00:02]} Qxf5 {[%emt 0:00:06]} 12. d3 {[%emt 0:00:09]} O-O {[%emt 0:00:05]} 13. Nd4 {[%emt 0:00:10]} exd3 {[%emt 0:00:14]} 14. Qf3 {[%emt 0:00:05]} Bc5 {[%emt 0:00:07]} 15. Be3 {[%emt 0:00:02]} Bxd4 {[%emt 0:00:06]} 16. Bxd4 {[%emt 0:00:01]} c5 {[%emt 0:00:06]} 17. Bxf6 {[%emt 0:00:05]} Rxf6 {[%emt 0:00:03]} 18. Nd2 {[%emt 0:00:01]} c6 {[%emt 0:00:16]} 19. Rae1 {[%emt 0:00:01]} Bd7 {[%emt 0:00:17]} 20. h3 {[%emt 0:00:02]} Qd5 {[%emt 0:00:05]} 21. Re3 {[%emt 0:00:16]} c4 {[%emt 0:00:05]} 22. Re5 {[%emt 0:00:16]} Qxe5 {[%emt 0:00:12]} 23. fxe5 {[%emt 0:00:01]} Rxf3 {[%emt 0:00:01]} 24. gxf3 {[%emt 0:00:02]} b5 {[%emt 0:00:09]} 25. Kg2 {[%emt 0:00:02]} Re8 {[%emt 0:00:02]} 26. f4 {[%emt 0:00:01]} g5 {[%emt 0:00:01]} 27. Ne4 {[%emt 0:00:09]} Re7 {[%emt 0:00:14]} 28. Nxg5 {[%emt 0:00:02]} h6 {[%emt 0:00:06]} 29. Ne4 {[%emt 0:00:01]} Bf5 {[%emt 0:00:07]} 30. Nd6 {[%emt 0:00:05]} Rg7+ {[%emt 0:00:06]} 31. Kh2 {[%emt 0:00:09]} Be6 {[%emt 0:00:04]} 32. Ne8 {[%emt 0:00:16]} Rf7 {[%emt 0:00:20]} 33. Nd6 {[%emt 0:00:02]} Rg7 {[%emt 0:00:07]} 34. Rf2 {[%emt 0:00:11]} Bd5 {[%emt 0:00:05]} 35. f5 {[%emt 0:00:08]} Rg2+ {[%emt 0:00:10]} 36. Rxg2+ {[%emt 0:00:01]} Bxg2 {[%emt 0:00:00]} 37. e6 {[%emt 0:00:01]} d2 {[%emt 0:00:01]} 38. e7 {[%emt 0:00:01]} d1=Q {[%emt 0:00:08]} 39. e8=Q+ {[%emt 0:00:01]} Kg7 {[%emt 0:00:03]} 40. Qg6+ {[%emt 0:00:02]} Kh8 {[%emt 0:00:06]} 41. Nf7# {[%emt 0:00:02] (Lag: Av=0.54s, max=1.1s)} 1-0

[Event "Stay Safe Play From Home 195"]
[Site "T#646521Emanuel Laske"]
[Date "2020.06.02"]
[Round "4"]
[White "Edmatuag"]
[Black "Aktürk"]
[Result "1-0"]
[WhiteElo "1708"]
[BlackElo "1513"]
[Annotator "NA RC"]
[PlyCount "103"]
[EventDate "2020.06.02"]
[EventType "swiss (blitz)"]

1. e4 {[%emt 0:00:04]} e6 {[%emt 0:00:01]} 2. d4 {[%emt 0:00:03]} Qf6 {[%emt 0:00:01]} 3. Nf3 {[%emt 0:00:08]} b6 {[%emt 0:00:01]} 4. Nc3 {[%emt 0:00:10]} Bb4 {[%emt 0:00:03]} 5. Bd3 {[%emt 0:00:05]} Qg6 {[%emt 0:00:03]} 6. O-O {[%emt 0:00:04]} f6 {[%emt 0:00:05]} 7. d5 {[%emt 0:00:08]} e5 {[%emt 0:00:11]} 8. Ne2 {[%emt 0:00:16]} Be7 {[%emt 0:00:04]} 9. Ng3 {[%emt 0:00:03]} h6 {[%emt 0:00:07]} 10. Nh4 {[%emt 0:00:06]} Qf7 {[%emt 0:00:04]} 11. f4 {[%emt 0:00:07]} d6 {[%emt 0:00:08]} 12. fxe5 {[%emt 0:00:08]} dxe5 {[%emt 0:00:03]} 13. Nf3 {[%emt 0:00:11]} Bd6 {[%emt 0:00:10]} 14. Bd2 {[%emt 0:00:17]} Ne7 {[%emt 0:00:09]} 15. b4 {[%emt 0:00:03]} g5 {[%emt 0:00:15]} 16. c4 {[%emt 0:00:07]} Nd7 {[%emt 0:00:20]} 17. Kh1 {[%emt 0:00:02]} h5 {[%emt 0:00:13]} 18. Nxg5 {[%emt 0:00:22]} Qg6 {[%emt 0:00:13]} 19. Ne6 {[%emt 0:00:09]} h4 {[%emt 0:00:10]} 20. Nf5 {[%emt 0:00:02]} Nf8 {[%emt 0:00:13]} 21. Neg7+ {[%emt 0:00:15]} Kf7 {[%emt 0:00:11]} 22. c5 {[%emt 0:00:06]} Nxf5 {[%emt 0:00:10]} 23. Nxf5 {[%emt 0:00:05]} bxc5 {[%emt 0:00:04]} 24. bxc5 {[%emt 0:00:07]} Bxc5 {[%emt 0:00:03]} 25. Qc2 {[%emt 0:00:06]} Rg8 {[%emt 0:00:07]} 26. Be3 {[%emt 0:00:21]} Bxe3 {[%emt 0:00:14]} 27. Qxc7+ {[%emt 0:00:10]} Bd7 {[%emt 0:00:17]} 28. Nxe3 {[%emt 0:00:02]} Rc8 {[%emt 0:00:09]} 29. Qxe5 {[%emt 0:00:02]} h3 {[%emt 0:00:06]} 30. g3 {[%emt 0:00:02]} Re8 {[%emt 0:00:03]} 31. Qf4 {[%emt 0:00:01]} Re5 {[%emt 0:00:02]} 32. Nf5 {[%emt 0:00:02]} Bxf5 {[%emt 0:00:03]} 33. exf5 {[%emt 0:00:02]} Qg5 {[%emt 0:00:02]} 34. Qxg5 {[%emt 0:00:01]} fxg5 {[%emt 0:00:01]} 35. Rae1 {[%emt 0:00:02]} Rxe1 {[%emt 0:00:02]} 36. Rxe1 {[%emt 0:00:00]} g4 {[%emt 0:00:01]} 37. Re5 {[%emt 0:00:03]} Nd7 {[%emt 0:00:00]} 38. Re6 {[%emt 0:00:01]} Nc5 {[%emt 0:00:02]} 39. Re3 {[%emt 0:00:02]} Nxd3 {[%emt 0:00:01]} 40. Rxd3 {[%emt 0:00:01]} Rc8 {[%emt 0:00:01]} 41. Kg1 {[%emt 0:00:02]} Rc1+ {[%emt 0:00:01]} 42. Kf2 {[%emt 0:00:01]} Rh1 {[%emt 0:00:01]} 43. Ke3 {[%emt 0:00:02]} Rxh2 {[%emt 0:00:00]} 44. Kf4 {[%emt 0:00:01]} Rf2+ {[%emt 0:00:01]} 45. Kxg4 {[%emt 0:00:01]} Kf6 {[%emt 0:00:04]} 46. Kxh3 {[%emt 0:00:02]} Rxf5 {[%emt 0:00:01]} 47. d6 {[%emt 0:00:01]} Ke6 {[%emt 0:00:02]} 48. d7 {[%emt 0:00:01]} Rh5+ {[%emt 0:00:03]} 49. Kg4 {[%emt 0:00:03]} Rh8 {[%emt 0:00:02]} 50. d8=Q {[%emt 0:00:01]} Rxd8 {[%emt 0:00:01]} 51. Rxd8 {[%emt 0:00:01]} a5 {[%emt 0:00:02]} 52. Ra8 {[%emt 0:00:00] Aktürk terk eder (Lag: Av=0.42s, max=3.4s)} 1-0

[Event "Stay Safe Play From Home 195"]
[Site "T#646521Emanuel Laske"]
[Date "2020.06.02"]
[Round "4"]
[White "Tobo Rubirosa"]
[Black "Dukic"]
[Result "0-1"]
[WhiteElo "1678"]
[BlackElo "1949"]
[Annotator "TA"]
[PlyCount "84"]
[EventDate "2020.06.02"]
[EventType "swiss (blitz)"]

{[%evp 17,84,43,56,30,45,-5,-8,-77,-8,-56,-7,-120,-54,-105,-96,-154,-111,-103,-70,-83,-74,-112,-40,-117,-131,-113,-125,-195,-199,-235,-195,-683,-430,-412,-410,-479,-457,-483,-480,-467,-483,-472,-472,-547,-547,-540,-530,-601,-591,-762,-763,-754,-750,-747,-710,-737,-733,-708,-695,-1701,-1579,-1564,-1555,-1377,-1385,-29998,-29989,-29994,-29995]} 1. d4 c6 2. Nf3 d6 3. c4 Bg4 4. e4 Nd7 5. Be2 Ngf6 6. Nc3 e5 7. Be3 Be7 8. O-O O-O 9. h3 Bh5 10. Nd2 {A53: Old Indian Defence without Nf3.} Bg6 {[#]} 11. f4 $146 ({Predecessor:} 11. a3 Re8 12. b4 exd4 13. Bxd4 Bf8 14. Bd3 d5 15. cxd5 cxd5 16. Re1 a5 17. Bb5 axb4 18. axb4 Rxa1 19. Qxa1 dxe4 20. Bxf6 Nxf6 21. Bxe8 Qxd2 {1-0 (34) Sevillano,E (2528)-Kretchetov,A (2365) Los Angeles 2009}) 11... exf4 $1 12. Bxf4 (12. Rxf4 $11 c5 13. Nb3) 12... Re8 ({Better is} 12... Qb6 $17 13. Be3 Qxb2) 13. Bf3 a5 14. d5 (14. Be3 $11 {keeps the balance.}) 14... Nc5 (14... Qb6+ $17 15. Kh1 Qxb2) 15. dxc6 (15. Be3 $15) 15... bxc6 $17 16. Qe2 (16. Kh1 $142) 16... Nfd7 17. Nb3 Ne6 18. Be3 $1 Ne5 19. Rad1 Qc7 ({Black should play} 19... Bg5 $17 20. Bxg5 Qxg5) 20. Rc1 ({White should try} 20. Nd4 $15) 20... Bg5 21. Bxg5 Nxg5 22. Nd2 (22. Nd4 $17) 22... Qb6+ $19 23. Qf2 Qxb2 {[#] ...Nd3 is the strong threat.} 24. Nb3 $2 (24. Qe3 Ne6 25. Be2) 24... Qxf2+ 25. Kxf2 Nd3+ {[%mdl 64] Double Attack} 26. Ke3 Nxc1 27. Rxc1 {[#]} Nxe4 $1 28. Nxe4 Bxe4 ({Not} 28... f5 29. Nd4 $19) 29. Bxe4 d5 {[%mdl 64] Pin} ({Resist} 29... f5 30. Nd4 $19) 30. Nd2 dxe4 {[%mdl 4096] Endgame KRR-KRN} 31. c5 f5 32. g3 Rad8 33. Nc4 Rd3+ 34. Kf2 Rf3+ 35. Kg2 g5 36. Nd6 Rb8 37. Rc2 Rb1 38. Nc4 f4 39. gxf4 gxf4 40. Ne5 Rg3+ 41. Kf2 Rh1 42. Nf3 Rxf3+ {Accuracy: White = 27%, Black = 67%.} 0-1

[Event "Stay Safe Play From Home 195"]
[Site "T#646521Emanuel Laske"]
[Date "2020.06.02"]
[Round "4"]
[White "President"]
[Black "Abhi46698"]
[Result "1-0"]
[WhiteElo "1671"]
[BlackElo "1380"]
[Annotator "NA RC"]
[PlyCount "109"]
[EventDate "2020.06.02"]
[EventType "swiss (blitz)"]

1. b3 {[%emt 0:00:10]} d6 {[%emt 0:00:00]} 2. Bb2 {[%emt 0:00:04]} e5 {[%emt 0:00:03]} 3. e3 {[%emt 0:00:00]} Nf6 {[%emt 0:00:02]} 4. d4 {[%emt 0:00:02]} Be7 {[%emt 0:00:00]} 5. dxe5 {[%emt 0:00:02]} dxe5 {[%emt 0:00:02]} 6. Qxd8+ {[%emt 0:00:02]} Bxd8 {[%emt 0:00:04]} 7. Bxe5 {[%emt 0:00:01]} Nc6 {[%emt 0:00:05]} 8. Bb2 {[%emt 0:00:03]} Bf5 {[%emt 0:00:03]} 9. Na3 {[%emt 0:00:08]} Be7 {[%emt 0:00:09]} 10. O-O-O {[%emt 0:00:05]} O-O {[%emt 0:00:07]} 11. Nf3 {[%emt 0:00:07]} Ne4 {[%emt 0:00:07]} 12. Bd3 {[%emt 0:00:17]} Rfd8 {[%emt 0:00:11]} 13. Bxe4 {[%emt 0:00:02]} Bxe4 {[%emt 0:00:04]} 14. Nc4 {[%emt 0:00:13]} b5 {[%emt 0:00:06]} 15. Ncd2 {[%emt 0:00:03]} Bg6 {[%emt 0:00:08]} 16. h4 {[%emt 0:00:08]} h6 {[%emt 0:00:07]} 17. g4 {[%emt 0:00:08]} a5 {[%emt 0:00:09]} 18. Ne5 {[%emt 0:00:12]} Nxe5 {[%emt 0:00:04]} 19. Bxe5 {[%emt 0:00:03]} Ba3+ {[%emt 0:00:12]} 20. Bb2 {[%emt 0:00:04]} Bb4 {[%emt 0:00:06]} 21. f4 {[%emt 0:00:05]} f6 {[%emt 0:00:12]} 22. f5 {[%emt 0:00:02]} Bf7 {[%emt 0:00:03]} 23. e4 {[%emt 0:00:12]} Re8 {[%emt 0:00:04]} 24. a3 {[%emt 0:00:10]} Bd6 {[%emt 0:00:06]} 25. c4 {[%emt 0:00:10]} b4 {[%emt 0:00:03]} 26. axb4 {[%emt 0:00:02]} axb4 {[%emt 0:00:03]} 27. Kc2 {[%emt 0:00:04]} Ra2 {[%emt 0:00:04]} 28. Ra1 {[%emt 0:00:03]} Rea8 {[%emt 0:00:03]} 29. Rxa2 {[%emt 0:00:01]} Rxa2 {[%emt 0:00:02]} 30. Ra1 {[%emt 0:00:08]} Rxa1 {[%emt 0:00:01]} 31. Bxa1 {[%emt 0:00:02]} c5 {[%emt 0:00:01]} 32. Nf3 {[%emt 0:00:06]} Bf4 {[%emt 0:00:07]} 33. g5 {[%emt 0:00:03]} hxg5 {[%emt 0:00:03]} 34. hxg5 {[%emt 0:00:04]} fxg5 {[%emt 0:00:03]} 35. Ne5 {[%emt 0:00:07]} Bxe5 {[%emt 0:00:03]} 36. Bxe5 {[%emt 0:00:04]} Kh7 {[%emt 0:00:05]} 37. Bd6 {[%emt 0:00:02]} g4 {[%emt 0:00:03]} 38. Bxc5 {[%emt 0:00:02]} g3 {[%emt 0:00:08]} 39. Bxb4 {[%emt 0:00:03]} g2 {[%emt 0:00:01]} 40. Bc5 {[%emt 0:00:01]} Bh5 {[%emt 0:00:02]} 41. e5 {[%emt 0:00:08]} Kg8 {[%emt 0:00:07]} 42. f6 {[%emt 0:00:02]} gxf6 {[%emt 0:00:02]} 43. exf6 {[%emt 0:00:01]} Kf7 {[%emt 0:00:01]} 44. Kd3 {[%emt 0:00:03]} Bf3 {[%emt 0:00:05]} 45. Bd4 {[%emt 0:00:02]} Bd1 {[%emt 0:00:08]} 46. b4 {[%emt 0:00:02]} Bb3 {[%emt 0:00:08]} 47. b5 {[%emt 0:00:04]} Bd1 {[%emt 0:00:13]} 48. c5 {[%emt 0:00:01]} Bf3 {[%emt 0:00:02]} 49. c6 {[%emt 0:00:02]} g1=Q {[%emt 0:00:04]} 50. Bxg1 {[%emt 0:00:03]} Kxf6 {[%emt 0:00:00]} 51. Kd4 {[%emt 0:00:01]} Ke6 {[%emt 0:00:02]} 52. Kc5 {[%emt 0:00:01]} Ke7 {[%emt 0:00:14]} 53. b6 {[%emt 0:00:05]} Kd8 {[%emt 0:00:02]} 54. Bh2 {[%emt 0:00:02]} Kc8 {[%emt 0:00:03]} 55. b7+ {[%emt 0:00:06] Abhi46698 resigns (Lag: Av=0.78s, max=3.1s)} 1-0

[Event "Stay Safe Play From Home 195"]
[Site "T#646521Emanuel Laske"]
[Date "2020.06.02"]
[Round "4"]
[White "Batualkoc52"]
[Black "Ahmet777"]
[Result "1/2-1/2"]
[WhiteElo "1620"]
[BlackElo "1443"]
[Annotator "NA RC"]
[PlyCount "45"]
[EventDate "2020.06.02"]
[EventType "swiss (blitz)"]

1. d4 {[%emt 0:00:03]} d5 {[%emt 0:00:02]} 2. c4 {[%emt 0:00:03]} dxc4 {[%emt 0:00:01]} 3. e3 {[%emt 0:00:04]} e6 {[%emt 0:00:01]} 4. Bxc4 {[%emt 0:00:02]} Bb4+ {[%emt 0:00:02]} 5. Nc3 {[%emt 0:00:03]} Bxc3+ {[%emt 0:00:01]} 6. bxc3 {[%emt 0:00:02]} Ne7 {[%emt 0:00:00]} 7. Ba3 {[%emt 0:00:05]} Nd5 {[%emt 0:00:03]} 8. Bxd5 {[%emt 0:00:13]} exd5 {[%emt 0:00:03]} 9. Qf3 {[%emt 0:00:18]} Be6 {[%emt 0:00:04]} 10. Ne2 {[%emt 0:00:04]} Qd7 {[%emt 0:00:04]} 11. h3 {[%emt 0:00:09]} Qa4 {[%emt 0:00:04]} 12. Bb4 {[%emt 0:00:20]} Na6 {[%emt 0:00:14]} 13. a3 {[%emt 0:00:19]} Nxb4 {[%emt 0:00:04]} 14. cxb4 {[%emt 0:00:06]} O-O {[%emt 0:00:04]} 15. O-O {[%emt 0:00:03]} Qc2 {[%emt 0:00:10]} 16. Rfc1 {[%emt 0:00:13]} Qd2 {[%emt 0:00:06]} 17. Rxc7 {[%emt 0:00:14]} Qb2 {[%emt 0:00:12]} 18. Rcc1 {[%emt 0:00:14]} Rac8 {[%emt 0:00:06]} 19. Rcb1 {[%emt 0:00:56]} Qc2 {[%emt 0:00:06]} 20. Rc1 {[%emt 0:00:04]} Qb2 {[%emt 0:00:03]} 21. Rcb1 {[%emt 0:00:02]} Qd2 {[%emt 0:00:06]} 22. Rd1 {[%emt 0:00:02]} Qb2 {[%emt 0:00:04]} 23. Rdb1 {[%emt 0:00:02] (Lag: Av=0.43s, max=0.8s)} 1/2-1/2

[Event "Stay Safe Play From Home 195"]
[Site "T#646521Emanuel Laske"]
[Date "2020.06.02"]
[Round "5"]
[White "Indianquant"]
[Black "Position"]
[Result "0-1"]
[WhiteElo "2402"]
[BlackElo "2134"]
[Annotator "TA"]
[PlyCount "150"]
[EventDate "2020.06.02"]
[EventType "swiss (blitz)"]

{[%evp 17,150,25,29,40,52,45,45,48,63,56,67,67,69,51,53,61,91,45,165,70,170,51,51,50,54,51,50,50,54,44,46,45,39,36,44,47,59,63,48,43,43,40,44,32,32,24,37,0,22,0,27,22,25,37,22,-13,79,-17,8,0,0,0,57,24,27,26,84,0,1197,47,287,287,343,337,314,0,122,63,56,-278,-275,-29997,-1267,-29999,-421,-419,-393,-439,-439,-432,-432,-425,-414,-399,-399,-395,-393,-386,-386,-379,-310,-376,0,-377,-368,-520,-399,-399,-392,-5734,-536,-29969,-392,-549,-535,-535,-517,-525,-491,-4144,-4137,-4137,-4137,-4137,-4137,-29978,-29976,-29971,-29972,-29982,-29983,-29983,-29984,-29984,-29985]} 1. Nf3 d6 2. d4 Nf6 3. c4 g6 4. Nc3 Bg7 5. e4 O-O 6. Be2 e5 7. O-O Nbd7 8. Be3 Re8 9. dxe5 Nxe5 10. Nxe5 {E97: King's Indian: Classical Main Line (6...e5 7 0-0 Nc6): 8 Be3 and 8 d5 Ne7, not 9 Ne1.} Rxe5 11. f3 Re8 12. Qd2 {White is slightly better.} Be6 13. Rad1 {[#]} Qd7 $146 ({Predecessor:} 13... a6 14. Rf2 Qc8 15. Bh6 Bh8 16. b3 b6 17. Be3 Rb8 18. Bd4 c5 19. Be3 Nh5 {½-½ (56) Belchev,B (2308)-Williamson,H (2396) ICCF email 2009}) 14. Qc1 {And now e5! would win.} Qc8 15. c5 dxc5 16. Bxc5 Nd7 17. Be3 Ne5 (17... c6 $14) 18. b3 (18. f4 $18) 18... a6 {[#]} (18... c6 $14) 19. Nd5 (19. f4 $1 $18) 19... Bxd5 $14 20. Rxd5 c6 21. Rd2 Qc7 22. Rfd1 {Hoping for f4.} Rad8 23. f4 {Threatens to win with Rxd8.} Nd7 24. e5 Nf8 25. Bg4 Rxd2 26. Qxd2 f6 27. exf6 Bxf6 28. Qf2 Rd8 29. Rxd8 Qxd8 30. f5 g5 31. Be2 Kg7 32. Qg3 h6 33. h4 Qe7 34. Kf2 Nd7 35. Qg4 Ne5 36. Qe4 Nf7 (36... gxh4 $11 37. b4 Qf7) 37. Qc4 (37. Qxe7 $16 {White threatens Qd7! and mate.} Bxe7 38. hxg5 Nxg5 39. Bd3) 37... Qe5 38. Qg4 Nd6 39. Bd3 {[%cal Rh4g5]} Qe7 (39... h5 $11 40. Qg3 Qxg3+ 41. Kxg3 gxh4+ 42. Kf4 Nb5) 40. hxg5 hxg5 41. Qh5 Qf7 (41... Kf8 $11) 42. Qg4 ({White should try} 42. Qxf7+ $16 Nxf7 43. g4) 42... Nb5 $2 {[%mdl 8192]} (42... Qe7 $11) 43. a4 $2 ({White must play} 43. Bc4 $18) 43... Nc3 $2 ({Better is} 43... Qxb3 $14 44. Qh5 (44. Bxg5 Qxd3 45. Bh4+ Kf8 $11) 44... Qb2+ 45. Kf3 Nd4+ 46. Kg3 Kf8 47. Qh6+ {[%mdl 64] Double Attack} (47. Bxg5 Qc3 $15) 47... Ke8) 44. Bxg5 $18 Kf8 45. Bh6+ ({Weaker is} 45. Bxf6 Qxf6 46. Qb4+ Ke8 $18) 45... Ke7 46. Be3 $2 (46. Bc4 $18 Nd5 47. Qe4+ Kd8 48. Bd2) 46... Qd5 (46... Qxb3 $11 47. Bg5 Qb2+ 48. Kf3 Nd5) 47. Bc4 ({White should play} 47. Bc2 $16) 47... Nd1+ $14 48. Ke1 $2 {[%mdl 8192]} (48. Ke2 $14 {is the one way to stay ahead.} Nxe3 49. Kxe3 Qe5+ 50. Qe4) 48... Nxe3 $19 49. Qe2 $2 {[#]} (49. Bxd5 $19 Nxg4 50. Be6) 49... Qe5 (49... Bh4+ $142 50. g3 Bxg3+ 51. Qf2 Qd1#) 50. Kd2 Nxf5 (50... Qc3# $142) 51. Qxe5+ Bxe5 52. g4 Nd6 53. Bd3 Bf4+ 54. Kc3 Bg5 55. Kd4 Kd7 56. Ke5 Kc7 57. Ke6 Bd2 58. Kf6 Ne8+ 59. Kf7 Nd6+ 60. Kf6 $1 Kd7 61. g5 (61. Ke5 $142) 61... Ne8+ 62. Kf5 Ke7 63. Bc4 $2 (63. g6) 63... Bc3 64. g6 Ng7+ $2 (64... Nd6+ {mates} 65. Kf4 Nxc4 66. Ke4 Nb2 67. Kf4 Nd3+ 68. Kg4 Nc5 69. Kf4 Nxb3 70. Kg4 Nc1 71. Kf4 b5 72. g7 Bxg7 73. axb5 axb5 74. Ke4 b4 75. Ke3 Bc3 76. Kf4 b3 77. Kg4 b2 78. Kf3 b1=Q 79. Kg2 Qe4+ 80. Kh2 Be5+ 81. Kh3 Qf3+ 82. Kh4 Bf6#) 65. Kg5 (65. Ke4 $142) 65... Kd6 66. Bf7 Kc5 67. Kf4 b5 68. axb5 (68. Ke4 $142) 68... cxb5 69. Ke4 Kb4 70. Kd3 a5 71. Kc2 Bf6 {Black mates.} 72. Kd3 Nf5 73. Ke4 Nd6+ 74. Kd5 Nxf7 75. gxf7 Bg7 {Accuracy: White = 46%, Black = 61%.} 0-1

[Event "Stay Safe Play From Home 195"]
[Site "T#646521Emanuel Laske"]
[Date "2020.06.02"]
[Round "5"]
[White "Don59as"]
[Black "Dukic"]
[Result "1-0"]
[WhiteElo "2020"]
[BlackElo "1955"]
[Annotator "NA RC"]
[PlyCount "71"]
[EventDate "2020.06.02"]
[EventType "swiss (blitz)"]

1. c4 {[%emt 0:00:01]} c6 {[%emt 0:00:01]} 2. e4 {[%emt 0:00:02]} d6 {[%emt 0:00:01]} 3. Nc3 {[%emt 0:00:01]} Nd7 {[%emt 0:00:01]} 4. g3 {[%emt 0:00:00]} e5 {[%emt 0:00:01]} 5. Bg2 {[%emt 0:00:01]} Be7 {[%emt 0:00:08]} 6. Nge2 {[%emt 0:00:02]} h5 {[%emt 0:00:02]} 7. h3 {[%emt 0:00:07]} h4 {[%emt 0:00:02]} 8. g4 {[%emt 0:00:01]} g5 {[%emt 0:00:00]} 9. d4 {[%emt 0:00:01]} f6 {[%emt 0:00:01]} 10. Be3 {[%emt 0:00:03]} Nh6 {[%emt 0:00:01]} 11. Qd2 {[%emt 0:00:02]} Nf7 {[%emt 0:00:01]} 12. O-O {[%emt 0:00:10]} O-O {[%emt 0:00:02]} 13. f3 {[%emt 0:00:01]} Kg7 {[%emt 0:00:03]} 14. Rfe1 {[%emt 0:00:03]} Qc7 {[%emt 0:00:04]} 15. Rac1 {[%emt 0:00:02]} Rd8 {[%emt 0:00:04]} 16. b4 {[%emt 0:00:02]} Nf8 {[%emt 0:00:03]} 17. Qb2 {[%emt 0:00:16]} Ng6 {[%emt 0:00:04]} 18. c5 {[%emt 0:00:04]} dxc5 {[%emt 0:00:09]} 19. bxc5 {[%emt 0:00:02]} exd4 {[%emt 0:00:12]} 20. Bxd4 {[%emt 0:00:12]} Nfe5 {[%emt 0:00:06]} 21. Rcd1 {[%emt 0:00:11]} Rxd4 {[%emt 0:00:11]} 22. Nxd4 {[%emt 0:00:05]} Bxc5 {[%emt 0:00:01]} 23. Na4 {[%emt 0:00:06]} Bd6 {[%emt 0:00:13]} 24. Nf5+ {[%emt 0:00:09]} Bxf5 {[%emt 0:00:04]} 25. exf5 {[%emt 0:00:04]} Nf4 {[%emt 0:00:02]} 26. Qc3 {[%emt 0:00:34]} a5 {[%emt 0:00:25]} 27. Kh1 {[%emt 0:00:05]} Bb4 {[%emt 0:00:02]} 28. Qb3 {[%emt 0:00:19]} Bxe1 {[%emt 0:00:12]} 29. Rxe1 {[%emt 0:00:00]} Rd8 {[%emt 0:00:20]} 30. Nc5 {[%emt 0:00:06]} Rd2 {[%emt 0:00:03]} 31. Ne6+ {[%emt 0:00:10]} Nxe6 {[%emt 0:00:06]} 32. Qxe6 {[%emt 0:00:04]} Qd7 {[%emt 0:00:14]} 33. Rxe5 {[%emt 0:00:17]} fxe5 {[%emt 0:00:02]} 34. Qxe5+ {[%emt 0:00:09]} Kh7 {[%emt 0:00:09]} 35. f4 {[%emt 0:00:05]} gxf4 {[%emt 0:00:24]} 36. f6 {[%emt 0:00:01] Zeit (Lag: Av=0.51s, max=3.5s)} 1-0

[Event "Stay Safe Play From Home 195"]
[Site "T#646521Emanuel Laske"]
[Date "2020.06.02"]
[Round "5"]
[White "Lazieri3"]
[Black "Haris kollari 13"]
[Result "1-0"]
[WhiteElo "2017"]
[BlackElo "1922"]
[Annotator "NA RC"]
[PlyCount "89"]
[EventDate "2020.06.02"]
[EventType "swiss (blitz)"]

1. e4 {[%emt 0:00:01]} e6 {[%emt 0:00:01]} 2. e5 {[%emt 0:00:01]} d5 {[%emt 0:00:01]} 3. exd6 {[%emt 0:00:00]} cxd6 {[%emt 0:00:01]} 4. Nf3 {[%emt 0:00:00]} d5 {[%emt 0:00:01]} 5. d4 {[%emt 0:00:01]} Nc6 {[%emt 0:00:01]} 6. c3 {[%emt 0:00:01]} Bd6 {[%emt 0:00:01]} 7. Bg5 {[%emt 0:00:01]} Nf6 {[%emt 0:00:01]} 8. Bd3 {[%emt 0:00:01]} h6 {[%emt 0:00:01]} 9. Bh4 {[%emt 0:00:01]} Bd7 {[%emt 0:00:01]} 10. Bg3 {[%emt 0:00:01]} Qc7 {[%emt 0:00:02]} 11. Bxd6 {[%emt 0:00:01]} Qxd6 {[%emt 0:00:01]} 12. O-O {[%emt 0:00:00]} a6 {[%emt 0:00:01]} 13. Nbd2 {[%emt 0:00:02]} g5 {[%emt 0:00:05]} 14. Re1 {[%emt 0:00:03]} O-O-O {[%emt 0:00:04]} 15. Ne5 {[%emt 0:00:01]} Be8 {[%emt 0:00:13]} 16. Qe2 {[%emt 0:00:03]} Nd7 {[%emt 0:00:06]} 17. Ndf3 {[%emt 0:00:29]} Kb8 {[%emt 0:00:03]} 18. Nxc6+ {[%emt 0:00:08]} bxc6 {[%emt 0:00:18]} 19. Bxa6 {[%emt 0:00:04]} Nf8 {[%emt 0:00:08]} 20. Ne5 {[%emt 0:00:06]} f6 {[%emt 0:00:04]} 21. Nd3 {[%emt 0:00:01]} Bf7 {[%emt 0:00:13]} 22. Nc5 {[%emt 0:00:01]} Re8 {[%emt 0:00:05]} 23. Qc2 {[%emt 0:00:22]} Kc7 {[%emt 0:00:13]} 24. Qa4 {[%emt 0:00:09]} Nd7 {[%emt 0:00:21]} 25. Qa5+ {[%emt 0:00:17]} Nb6 {[%emt 0:00:01]} 26. b4 {[%emt 0:00:15]} Ra8 {[%emt 0:00:02]} 27. b5 {[%emt 0:00:04]} cxb5 {[%emt 0:00:06]} 28. Qxb5 {[%emt 0:00:04]} Rhb8 {[%emt 0:00:01]} 29. Rab1 {[%emt 0:00:22]} e5 {[%emt 0:00:25]} 30. Qa5 {[%emt 0:00:19]} e4 {[%emt 0:00:05]} 31. Rb4 {[%emt 0:00:06]} Qc6 {[%emt 0:00:41]} 32. Reb1 {[%emt 0:00:04]} f5 {[%emt 0:00:07]} 33. Na4 {[%emt 0:00:01]} Rxa6 {[%emt 0:00:15]} 34. Qxa6 {[%emt 0:00:19]} Ra8 {[%emt 0:00:01]} 35. Qxb6+ {[%emt 0:00:03]} Qxb6 {[%emt 0:00:04]} 36. Nxb6 {[%emt 0:00:03]} Rxa2 {[%emt 0:00:02]} 37. c4 {[%emt 0:00:03]} dxc4 {[%emt 0:00:06]} 38. Nxc4 {[%emt 0:00:00]} Bd5 {[%emt 0:00:07]} 39. Ne5 {[%emt 0:00:03]} f4 {[%emt 0:00:03]} 40. Rc1+ {[%emt 0:00:04]} Kd6 {[%emt 0:00:02]} 41. Rb6+ {[%emt 0:00:01]} Ke7 {[%emt 0:00:01]} 42. h3 {[%emt 0:00:12]} f3 {[%emt 0:00:01]} 43. Rc7+ {[%emt 0:00:02]} Kd8 {[%emt 0:00:02]} 44. Rd7+ {[%emt 0:00:06]} Ke8 {[%emt 0:00:01]} 45. Rb8# {[%emt 0:00:04] (Lag: Av=0.59s, max=1.0s)} 1-0